000 00655nam a22001937a 4500
999 _c192152
_d192152
005 20220922122043.0
010 _aB-745508
020 _a9789390900350
_c295.00
035 _aB-745508
037 _bPrabhat Paperbacks
100 _aJha, Vivekanand
245 _aThe People's Leader:
_bInspiring Biography of Saryu Roy/
_cVevekanand Jha
250 _aFirst
260 _aNew Delhi
_bPrabhat Paperbacks
_c2021
270 _a4/19 Asaf Ali Road,
_bNew Delhi
_e110002
_mprabhatbooks@gmail.com
300 _a270p.
_c21cm(pbk)
942 _2ddc
_cEN
_mJHA
_h921